00723cam a2200217 a 450000100100000000500170001000800410002704000180006808200200008610000270010624500830013326000380021630000210025450400430027558600260031858600550034465000180039965000220041765000200043970000460045900001091020200929162321.0941004s1989 cu 001 e spa  aDO-SdBNPcDLC aCu864.44bA662r1 aArango, Arturo,d1955-10aReincidencias /cArturo Arango ; edición María Cristina Eduardo Vázquez. aLa Habana (Cuba) :bAbril,c1989. a137 p. ;c19 cm. aIncluye notas al pie de las páginas. a"Premio Ensayo 1987". a"Premio Ensayo Concurso El Caimán Barbudo, 1987" 4aEnsayo cubano 4aLiteratura cubana 4aPoesía social1 aEduardo Vázquez, María Cristina,eed.